Statistics for Five Letter Geography

Click here to take the quiz!

General Stats

  • This quiz has been taken 3,055 times
  • The average score is 15 of 24

Answer Stats

DescriptionAnswer% Correct
Only country starting with "Q"Qatar
97%
Most populous countryChina
94%
Second most populous countryIndia
94%
MyanmarBurma
93%
Country shaped like a bootItaly
91%
Mediterranean island contryMalta
88%
Religion from the Qur'anIslam
85%
Very thin French pancakeCrepe
79%
Capital of BelarusMinsk
79%
Norway is famous for these long, narrow inletsFjord
78%
Home of the NFL DolphinsMiami
70%
Greek god of the underworldHades
65%
American great lakeHuron
65%
Longest European riverVolga
65%
Capital of Japan until 1869Kyoto
63%
Canadian territory as well as Alaskan RiverYukon
59%
Region whose capital is LhasaTibet
54%
The Pine Tree StateMaine
49%
Capital and largest city is NiameyNiger
49%
Home of popular children's poet, Roald DahlWales
16%
Swedish-speaking Finnish islandsAland
15%
Natives of this city are known as LoinersLeeds
11%
Bay on southern end of Hudson BayJames
10%
Second biggest Antarctica mountainTyree
3%

Score Distribution

Percentile by Number Answered

Percent of People with Each Score

Your Score History

You have not taken this quiz